000 00638nam a2200205 4500
001 144788
003 ES-MaACL
005 20260220164610.0
007 t|
008 070214s1948 sp r ||||1| spa d
100 1 _aSimenon, Georges,
_d1903-1989
_9106467
245 1 4 _aLos crímenes del canal /
_cGeorges Simenon ; traducción de F. Cañameras.
260 _aBarcelona :
_bAymá,
_c1948.
300 _a211 p. :
_bil ;
_c19 cm.
490 1 _aCol. albor ;
_v1
700 1 _aCanyameres, Ferran,
_d1898-1964
_934731
830 0 0 _aColección Albor
_v1
_9241746
852 _aES-MaACL
_jD-5824
_bR.31809
999 _c144788
_d144788